000 00643cam a2200241ua 4500
001 11023
008 190801n ii |||gr||||Z||||||asm
020 _a9789388458276
040 _cMAIN
041 _aasm
082 _a370.12
245 _aShikshar darshanik buniad
_cBy Binita Dutta and others
250 _a1st ed.
260 _aGuwahati:
_bStudents stores,
_c2019.
300 _a200p.
653 _aEducation
653 _aPhilosophical foundations of education
700 _aBinita Dutta,
_eAuthor.
700 _aJurimoni Baruah,
_eAuthor.
700 _aBiman Bora,
_eAuthor.
700 _aMalabika Sharma,
_eAuthor.
942 _cBK
999 _c9929
_d9929